000 00463nam a2200181Ia 4500
001 17547
005 20260306171525.0
008 260306s9999||||xx |||||||||||||| ||und||
041 _aESP
082 _a658.022
_bE56
100 _aOcéano Centrum
_eAUT
245 0 _aEnciclopedia práctica de la pequeña y mediana empresa:
_bcon CD-Rom
260 _c2006
300 _a928 páginas :
_c26 cm.
650 _aGEN
654 _aCAN
942 _cLIB
_dJUS
_fJUS
_2ddc
_n
999 _c17547
_d17547